Az közösségi média befolyása a Z generáció utazási előkészületeire és döntéseire
| Main Author: | |
|---|---|
| Other Authors: | |
| Format: | Thesis |
| Kulcsszavak: | közösségi média Tiktok utazás utazási szokások Z generáció |
| Online Access: | http://dolgozattar.uni-bge.hu/59562 |
MARC
| LEADER | 00000nta a2200000 i 4500 | ||
|---|---|---|---|
| 001 | dolg59562 | ||
| 005 | 20260409145231.0 | ||
| 008 | 260409suuuu hu om 000 hun d | ||
| 040 | |a BGE Dolgozattár Repozitórium |b hun | ||
| 041 | |a hu | ||
| 100 | 1 | |a Szegő Veronika | |
| 245 | 1 | 3 | |a Az közösségi média befolyása a Z generáció utazási előkészületeire és döntéseire |c Szegő Veronika |h [elektronikus dokumentum] |
| 520 | 3 | |a A szakdolgozat célja az volt, hogy feltárja, milyen hatással van a közösségi média a Z generáció utazással kapcsolatos döntéseire, valamint, hogy milyen tartalomtípusok és kommunikációs eszközök bizonyulnak a leghatékonyabbnak e korosztály elérésében. A dolgozat során részletesen bemutatásra kerültek a közösségi média jelenlegi trendjei, a Z generáció jellemzői, valamint az influenszerek és a vizuális tartalom szerepe a turisztikai marketingben. A közösségi média és az internet szerepe az utazási döntéshozatalban az elmúlt évtizedekben drámai módon megváltozott, különösen a Z generáció körében | |
| 695 | |a közösségi média | ||
| 695 | |a Tiktok | ||
| 695 | |a utazás | ||
| 695 | |a utazási szokások | ||
| 695 | |a Z generáció | ||
| 700 | 1 | |a Hegedüs Sára |e ths | |
| 856 | 4 | 0 | |u http://dolgozattar.uni-bge.hu/59562/1/Szego%CC%8B%20Veronika%20%28P4ZCO4%20%29_Szakdolgozat_Az%20ko%CC%88zo%CC%88sse%CC%81gi%20me%CC%81dia%20befolya%CC%81sa%20a%20Z%20genera%CC%81cio%CC%81%20utaza%CC%81si%20elo%CC%8Bke%CC%81szu%CC%88leteire%20e%CC%81s%20do%CC%88nte%CC%81seire.pdf |z Dokumentum-elérés |
| 856 | 4 | 0 | |u http://dolgozattar.uni-bge.hu/59562/2/Szeg%C5%91%20Veronika%20bsc%20B%C3%ADr%C3%A1lat%20HS.pdf |z Dokumentum-elérés |
| 856 | 4 | 0 | |u http://dolgozattar.uni-bge.hu/59562/3/B%C3%ADr%C3%A1lat%20Bsc_Szego%CC%8B%20Veronika_P4ZCO4.pdf |z Dokumentum-elérés |